000 00538nam a2200157Ia 4500
005 20250508153518.0
008 008 250505s9999 xx 000 0 hin d
037 _aBooks to be hide in OPAC
040 _aFEDL
_beng
_cFEDL
041 _ahin
_2eng
084 _a372.19, AGA/O
_qFEDL
245 0 _aAgra chetrye madhayamik vidhaliyon ke hindi adhapakon ke tatveshak shivir ka prativedan
260 _aMathura, India
_bKishori Raman Prashikshan Mahavidyalaya
_c1958
942 _cHB
_h372.19, AGA/O
999 _c1343405
_d1343405